000 00342nam a2200145 i 4500
001 bg
100 1 _aSMORAWIŃSKI, Andrzej
245 0 _aTechnologia wtrysku /
_cAndrzej Smorawiński.
250 _aWyd.3 popr.
260 _aWarszawa,
_c1989.
040 _cBPK
041 _apol
942 _cKS
008 s pl f |000 0 pol
999 _c10259
_d10259
856 _uhttp://koha.tu.koszalin.pl/cgi-bin/koha/opac-detail.pl?biblionumber=10259
_yKatalog online BPK